000 00802nam a2200253 a 4500
001 19380
003 BD-RjUL
005 20211209000426.0
008 140224r19461941enk 001 0 eng d
035 _a(BD-RjUL)19440
040 _aOCLC
_beng
_cOCLC
_dANL
_dBD-RjUL
041 _aeng
082 0 4 _a810.3
_bHAO 1946
100 1 _aHart, James D.
_q(James David),
_d1911-1990.
_959595
245 1 4 _aThe Oxford companion to American literature /
_cby James D. Hart.
250 _a1st ed.
260 _aLondon ;
_aNew York :
_bOxford university press,
_c[c1941 [reprinted 1946]
300 _aviii, 888 p.
_c24 cm.
504 _aIncludes index.
650 0 _aAmerican literature
_xDictionaries.
_959596
650 0 _aAmerican literature
_xBio-bibliography.
_954235
942 _2ddc
_cBK
999 _c19380
_d19380